000 00980nam a22003017a 4500
001 0011941
003 DO-SdBNP
005 20180215125147.0
007 0011941
008 161208b 200? sp|||| |||| 00| 0 spa d
020 _a9788430558926
040 _aBPMSU
_bspa
_cBPMSU
082 4 _a813
_bI72c
100 1 _aMorán, José,
245 1 0 _aCuentos de la Alhambra /
_cWashington Irving ; selección, adaptación y prólogo José Morán ; edición Ana Doblado ; ilustraciones Antonio Perera
260 _aGranada :
_bMiguel Sánchez,
_c1991.
300 _a190 p. :
_bil. ;
_c19 cm.
490 1 _aGrandes libros
650 4 _aNOVELA ESTADOUNIDENSE
650 4 _aALHAMBRA
_xNOVELA
700 1 2 _aIrving, Washington,
_d1783-1859.
_tCuentos de la Alhambra
700 1 2 _aDoblado, Ana,
_eedición
700 1 2 _aPerera, Antonio,
_eilustraciones
830 0 _aGrandes libros
942 _2ddc
_cBK
945 _aInventariado, 2018/MFF
956 _aBTAVÁREZ
_b10
_c20161208
_d0011941
999 _c12371
_d12371